Logo BPK

Biblioteka

Politechniki Koszalińskiej

Macmillan English dictionary : (Rekord nr 52514)

Szczegóły MARC
000 -ETYKIETA REKORDU
podpole kontrolne o stałej długości 00700nam a2200205 i 4500
001 - NUMER KONTROLNY REKORDU
pole kontrolne bg
020 ## - MIĘDZYNARODOWY ZNORMALIZOWANY NUMER KSIĄŻKI - ISBN
ISBN 0333966678
040 ## - ŹRÓDŁO KATALOGOWANIA
Instytucja, która utworzyła rekord BPK
041 0# - KOD JĘZYKA
Kod języka tekstu eng
080 ## - UNIWERSALNA KLASYFIKACJA DZIESIĘTNA - UKD
UKD 811.111'374
920 ## - Międzynarodowy znormalizowany numer książki – ISBN
ISBN 0-333-96667-8
008 - POLE O STAŁEJ DŁUGOŚCI - DANE KONTROLNE
podpole kontrolne o stałej długości s pl f |000 0 pol
245 00 - TYTUŁ/ODPOWIEDZIALNOŚĆ
Tytuł Macmillan English dictionary :
Ciąg dalszy tytułu for advanced learners /
Pozostałe elementy strefy tytułu i oznaczenia odpowiedzialności [ed. Michael Rundell].
260 ## - STREFA ADRESU WYDAWNICZEGO
Miejsce wydania Oxford :
Nazwa wydawcy/dystrybutora Macmillan Education,
Data publikacji, dystrybucji/powstania dokumentu 2006.
300 ## - STREFA OPISU FIZYCZNEGO
Objętość XIV, 1692 s., 16 s. tabl. :
Inne cechy fizyczne il. (w tym kolor.) ;
Rozmiary 24 cm +
Dokument towarzyszący CD ROM.
650 #9 - HASŁO PRZEDMIOTOWE W FORMIE NAZWY OGÓLNEJ LUB JEDNOSTKOWEJ
Nazwa ogólna lub geograficzna Słowniki angielskie
700 1# - HASŁO DODATKOWE - NAZWA OSOBOWA
Nazwa osobowa RUNDELL, Michael.
Określenie związku między hasłem a opisywanym materiałem Red.
942 ## - DODATKOWE ELEMENTY (KOHA)
Typ dokumentu Książka
Egzemplarze
Wycofany Status egzemplarza Uszkodzony Dostępność Lokalizacja stała Lokalizacja bieżąca Miejsce przechowywania Sygnatura Kod kreskowy Dział Typ dokumentu
      Tylko na miejscu Biblioteka Politechniki Koszalińskiej Biblioteka Politechniki Koszalińskiej Czytelnia Wydziałowa ul. Kwiatkowskiego 6e 80986 02349930 811.111(03) Język angielski - encyklopedie, słowniki Książka
      Dostępny Biblioteka Politechniki Koszalińskiej Biblioteka Politechniki Koszalińskiej Wypożyczalnia BG 80987 02349923   Książka
© 2023 Biblioteka Politechniki Koszalińskiej :: KOHA